Adapting to AI : How to Understand, Prepare for, and Innovate in a Changing Landscape /

Kaydedildi:
Detaylı Bibliyografya
Diğer Yazarlar: Swaak, Taylor (autor) (autor)
Materyal Türü: Kitap
Dil:İngilizce
Baskı/Yayın Bilgisi: Washington, EUA : The Chronicle of Higher Education, 2024, c2024
Seri Bilgileri:(The Chronicle of Higher Education. Reports and Guides)
Konular:
Etiketler: Etiketle
Etiket eklenmemiş, İlk siz ekleyin!

MARC

LEADER 00000nam^a2200000^a^4500
001 000613329
005 20250521000000.0
009 20260310133620.954
037 |a Acervo ITESO - Biblioteca 
041 |a ING 
082 |a 378. 005  |b CHR REP V. 8 
240 1 5 |a [The Chronicle of Higher Education] 
240 1 5 |a [The Chronicle of Higher Education: Reports and Guides] 
245 1 0 |a Adapting to AI :  |b How to Understand, Prepare for, and Innovate in a Changing Landscape /  |c T. Swaak. 
264 4 |a Washington, EUA :  |b The Chronicle of Higher Education,  |c 2024, c2024 
300 |a 45 p. 
336 |a texto  |b txt  |2 rdacontenido 
337 |a sin mediación  |b n  |2 rdamedio 
338 |a volumen  |b nc  |2 rdasoporte 
440 5 |a (The Chronicle of Higher Education.  |p Reports and Guides) 
521 |a Peticiones 2025 
649 |a XX 
650 |a Aprendizaje Automático (Inteligencia Artificial) 
650 |a Inteligencia Artificial -  |x Tema Principal 
650 |a Finalidades de la Educación 
650 |a Innovación Educativa 
650 |a Proceso Educativo 
650 |a Práctica Educativa 
650 |a Educación Superior -  |z EUA -  |x Tema Principal 
650 |a Educación Superior -  |x Publicaciones Periódicas Norteamericanas 
650 |a Sociología de la Educación 
650 |a Publicaciones Periódicas Norteamericanas 
700 |a Swaak, Taylor  |e (autor) 
910 |a Fondo General 
920 |a Impresos - Libros 
930 |a Reserva Especial 
905 |a 103 
901 |a 613329-10  |b IT1  |c REE  |i C189518  |u 20250521 
902 |a https://opac.biblio.iteso.mx/vufind/Record/000613329